Geology of the Menominee iron-bearing district, Dickinson County, Michigan, and Florence and Marinette Counties, Wisconsin, (Record no. 30248)
[ view plain ]
| 000 -LEADER | |
|---|---|
| fixed length control field | 01484cam a22003491 4500 |
| 001 - CONTROL NUMBER | |
| control field | gs 66000261 |
| 003 - CONTROL NUMBER IDENTIFIER | |
| control field | DLC |
| 005 - DATE AND TIME OF LATEST TRANSACTION | |
| control field | 20260227111419.0 |
| 008 - FIXED-LENGTH DATA ELEMENTS--GENERAL INFORMATION | |
| fixed length control field | 771003s1966 dcuab b f000 0 eng |
| 010 ## - LIBRARY OF CONGRESS CONTROL NUMBER | |
| LC control number | gs 66000261 |
| 035 ## - SYSTEM CONTROL NUMBER | |
| System control number | (OCoLC)3314823 |
| 040 ## - CATALOGING SOURCE | |
| Original cataloging agency | DLC |
| Transcribing agency | AzU |
| Modifying agency | ISS |
| -- | DLC |
| 042 ## - AUTHENTICATION CODE | |
| Authentication code | premarc |
| 050 00 - LIBRARY OF CONGRESS CALL NUMBER | |
| Classification number | QE75 |
| Item number | .P9 no. 513 |
| 086 0# - GOVERNMENT DOCUMENT CLASSIFICATION NUMBER | |
| Classification number | I 19.16:513 |
| 100 1# - MAIN ENTRY--PERSONAL NAME | |
| Personal name | Bayley, Richard W. |
| Fuller form of name | (Richard William), |
| Dates associated with a name | 1919- |
| 245 10 - TITLE STATEMENT | |
| Title | Geology of the Menominee iron-bearing district, Dickinson County, Michigan, and Florence and Marinette Counties, Wisconsin, |
| Statement of responsibility, etc. | by R.W. Bayley, C.E. Dutton, and C.A. Lamey. With a section on the Carney Lake Gneiss, by S.B. Treves. |
| 260 ## - PUBLICATION, DISTRIBUTION, ETC. | |
| Place of publication, distribution, etc. | Washington, |
| Name of publisher, distributor, etc. | U.S. Govt. Print. Off., |
| Date of publication, distribution, etc. | 1966. |
| 300 ## - PHYSICAL DESCRIPTION | |
| Extent | v, 96 p. |
| Other physical details | illus., maps (4 fold. col. in pocket) |
| Dimensions | 30 cm. |
| 410 20 - SERIES STATEMENT/ADDED ENTRY--CORPORATE NAME [OBSOLETE, CAN/MARC], [LOCAL, USA] | |
| Corporate name or jurisdiction name as entry element | Geological Survey (U.S.). |
| Title of a work | Professional paper |
| Volume number/sequential designation | 513 |
| 500 ## - GENERAL NOTE | |
| General note | Prepared in cooperation with the Geological Survey Division, Michigan Dept. of Conservation. |
| 504 ## - BIBLIOGRAPHY, ETC. NOTE | |
| Bibliography, etc. note | Bibliography: p. 92-93. |
| 650 #0 - SUBJECT ADDED ENTRY--TOPICAL TERM | |
| Topical term or geographic name entry element | Geology |
| Geographic subdivision | Michigan |
| -- | Dickinson County. |
| 650 #0 - SUBJECT ADDED ENTRY--TOPICAL TERM | |
| Topical term or geographic name entry element | Geology |
| Geographic subdivision | Wisconsin |
| -- | Florence County. |
| 650 #0 - SUBJECT ADDED ENTRY--TOPICAL TERM | |
| Topical term or geographic name entry element | Geology |
| Geographic subdivision | Wisconsin |
| -- | Marinette County. |
| 650 #0 - SUBJECT ADDED ENTRY--TOPICAL TERM | |
| Topical term or geographic name entry element | Iron ores |
| Geographic subdivision | Michigan |
| -- | Dickinson County. |
| 650 #0 - SUBJECT ADDED ENTRY--TOPICAL TERM | |
| Topical term or geographic name entry element | Iron ores |
| Geographic subdivision | Wisconsin. |
| 700 1# - ADDED ENTRY--PERSONAL NAME | |
| Personal name | Dutton, Carl Evans, |
| Dates associated with a name | 1904- |
| Relator term | joint author. |
| 700 1# - ADDED ENTRY--PERSONAL NAME | |
| Personal name | Lamey, Carl A. |
| Fuller form of name | (Carl Arthur), |
| Dates associated with a name | 1892- |
| Relator term | joint author. |
| 700 1# - ADDED ENTRY--PERSONAL NAME | |
| Personal name | Treves, Samuel B. |
| Title of a work | Carney Lake Gneiss. |
| 740 0# - ADDED ENTRY--UNCONTROLLED RELATED/ANALYTICAL TITLE | |
| Uncontrolled related/analytical title | Carney Lake Gneiss. |
No items available.